000
00211 a2200097 4500
001
35126
100
_a
A L I
245
_a
Atabereen Tehreeke Pakistan
260
_a
Lahore
_b
Sange Meel
_c
090
_c
23270
_d
23270
942
_a
NUST-CAE
_c
M
_c
14748
999
_c
270199
_d
270199